000 01054nam a2200241Ia 4500
003 GCL
005 20240530110304.0
008 140319s9999 xx 000 0 ara d
040 _aGCL /
_cGCL
082 0 4 _a664.03/
_bب ق
100 1 _aبندر، ارنولد
245 1 0 _aقاموس التغذية وتكنولوجيا الاغذية :
_bشرح كلمات ومصطلحات /
_cارنولد إ. بندر ؛ تعريب مصطفى كمال مصطفى، نبيل السيد حافظ، خليل ابراهيم خليل ؛ مراجعة احمد محمود عليان
260 _a[S.N] :
_bالمكتبة الاكاديمية ،
_c1993
300 _a790 ص
490 _aشكاوى المصرى الفصيح
_v0
650 0 4 _aتكنولوجيا التغذية
650 0 4 _aالقواميس
700 0 _a مصطفى كمال مصطفى
_eمترجم
700 0 _aنبيل السيد حافظ
_eمترجم
700 0 _aخليل ابراهيم خليل
_eمترجم
700 0 _aاحمد محمود عليان
_eمراجع
942 _2ddc
_cREF
999 _c59605
_d59605